| 000 | 00000nam##2200000za#4500 |
| 001 | 9.602894 |
| 003 | CaOODSP |
| 005 | 20240212134142 |
| 007 | cr ||||||||||| |
| 008 | 150406|1998||||xxc|||||o f|0| 0 fre|d |
| 040 | |aCaOODSP|bfre |
| 043 | |an-cn--- |
| 086 | 1 |aNE22-1/1998-8F-PDF |
| 110 | 1 |aCanada. |bOffice national de l'énergie. |
| 245 | 10|aMotifs de décision relativement à Maritimes & Northeast Pipeline Management Ltd. : |h[ressource électronique]|bdemande datée du 24 février 1998 en vue de l'approbation des plan, profil et livre de renvoi ayant trait au tracé détaillé du gazoduc à construire de Goldboro (N.-É.) à St. Stephen (N.-B.) |
| 246 | 1 |iTitre de renvoi : |aMaritimes & Northeast Pipeline Management Ltd. |
| 260 | |aCalgary - Alberta : |bOffice national de l'énergie |cOctobre 1998. |
| 300 | |a77p.|btableau |
| 490 | 1 |aMotifs de décision|vMH-3-98 |
| 500 | |aExemplaire défectueux: figures, p. 19, 22, 25, 28, 33, 36, 39, 43, 48, 51, 55, 61, 66, 71, 74 manquent. Le nº de catalogue (NE22-1/1998-11F) et l'ISBN (0-662-83311-2) de l'édition imprimée ont été incorrectement copiés dans cette édition électronique. |
| 590 | |a12-09-Supp|b2012-03-21 |
| 775 | 08|tReasons for decision in the matter of Maritimes & Northeast Pipeline Management Ltd. : |w(CaOODSP)9.572549 |
| 776 | 0#|tRelativement à Maritimes & Northeast Pipeline Management Ltd. : |w(CaOODSP)9.624907 |
| 830 | #0|aMotifs de décision (Canada. Office national de l'énergie)|vMH-3-98|w(CaOODSP)9.500899 |
| 856 | 40|ahttp://publications.gc.ca|qPDF|s197 Ko|uhttps://publications.gc.ca/collections/Collection/NE22-1-1998-8F.pdf|yMH-3-98 |